Navajo rugs : (Record no. 898)

MARC details
000 -LEADER
fixed length control field 00858cam a2200277 a 4500
005 - DATE AND TIME OF LATEST TRANSACTION
control field 20260322212038.0
008 - FIXED-LENGTH DATA ELEMENTS--GENERAL INFORMATION
fixed length control field data
010 ## - LIBRARY OF CONGRESS CONTROL NUMBER
LC control number 74031617
020 ## - INTERNATIONAL STANDARD BOOK NUMBER
International Standard Book Number 0873581385 :
Terms of availability {dollar}7.50
020 ## - INTERNATIONAL STANDARD BOOK NUMBER
International Standard Book Number 9780873581387 :
Terms of availability {dollar}7.50
040 ## - CATALOGING SOURCE
Original cataloging agency DLC
Transcribing agency DLC
Modifying agency DLC
043 ## - GEOGRAPHIC AREA CODE
Geographic area code n-ust--
050 00 - LIBRARY OF CONGRESS CALL NUMBER
Classification number E99.N3
Item number D34
-- PIMC
082 00 - DEWEY DECIMAL CLASSIFICATION NUMBER
Classification number 746.7/2
092 ## - LOCALLY ASSIGNED DEWEY CALL NUMBER (OCLC)
Classification number 746.7 D34 1975
001 - CONTROL NUMBER
control field data
100 1# - MAIN ENTRY--PERSONAL NAME
Personal name Dedera, Don.
245 10 - TITLE STATEMENT
Title Navajo rugs :
Remainder of title how to find, evaluate, buy, and care for them /
Statement of responsibility, etc. Don Dedera.
250 ## - EDITION STATEMENT
Edition statement 1st ed.
260 ## - PUBLICATION, DISTRIBUTION, ETC.
Place of publication, distribution, etc. [Flagstaff, Ariz.] :
Name of publisher, distributor, etc. Northland Press,
Date of publication, distribution, etc. c1975.
300 ## - PHYSICAL DESCRIPTION
Extent xii, 114 p., [1] leaf of plates :
Other physical details ill. (some col.) ;
Dimensions 24 cm.
500 ## - GENERAL NOTE
General note Includes index.
504 ## - BIBLIOGRAPHY, ETC. NOTE
Bibliography, etc. note Bibliography: p. 111.
650 #0 - SUBJECT ADDED ENTRY--TOPICAL TERM
Topical term or geographic name entry element Navajo rugs
General subdivision Collectors and collecting.
650 #0 - SUBJECT ADDED ENTRY--TOPICAL TERM
Topical term or geographic name entry element Navajo rugs
General subdivision Collectors and collecting
Geographic subdivision United States.
Holdings
Withdrawn status Lost status Damaged status Not for loan Home library Current library Shelving location Date acquired Total checkouts Full call number Barcode Date last seen Price effective from Koha item type
        Franklin Franklin General stacks 22/03/2026   746.7/2 BC0010926 22/03/2026 22/03/2026 Books